000 00480nam a22001697a 4500
005 20251108174746.0
008 250721s2009 xx 000 0 ara d
082 1 4 _a338.18/حسن
100 1 _aحسن، عادل
245 1 0 _aالتسويق الزراعي /
264 1 _aعمان :
_bدار زهران،
_c2009.
300 _a154ص.
650 1 7 _aتسويق المنتجات الزراعية
700 1 _aالأمين، خليفة
942 _2ddc
_cBK
999 _c117297
_d117297